[Event "Marseille op 9th"]
[Site "Marseille"]
[Date "2016.12.28"]
[Round "5"]
[White "Glud, Jakob Vang"]
[Black "Petrossian, Armen"]
[Result "0-1"]
[WhiteElo "2511"]
[BlackElo "2400"]
[PlyCount "88"]
[EventDate "2016.12.26"]
[EventType "swiss"]
[EventRounds "9"]
[EventCountry "FRA"]
[SourceTitle "CBM 176 Extra"]
[Source "ChessBase"]
[SourceDate "2017.03.02"]
[SourceVersion "1"]
[SourceVersionDate "2017.03.02"]
[SourceQuality "1"]

1. c4 e5 2. g3 Nf6 3. Bg2 Bc5 4. Nc3 0-0 5. Nf3 Nc6 6. 0-0 d6 7. e3 Bb6 8. Qc2 Be6 9. b3 Qd7 10. a3 Bh3 11. Bb2 Bxg2 12. Kxg2 Rfe8 13. Nh4 Nd8 14. f4 e4 15. Ne2 Ng4 16. h3 Nh6 17. f5 c6 18. g4 f6 19. Ng3 d5 20. Nh5 Bc7 21. Rac1 Nhf7 22. Nf4 Bxf4 23. Rxf4 Ng5 24. Kg3 Ndf7 25. Ng2 Rad8 26. c5 Qc7 27. Bd4 Nf3 28. Qc3 N7e5 29. Rf1 h5 30. gxh5 Kf7 31. Nh4 Rh8 32. Bxe5 Nxe5 33. Ng6 Rxh5 34. Nxe5+ fxe5 35. Rg4 Rdh8 36. h4 Qe7 37. Qa5 R8h6 38. Rh1 Rxf5 39. Qxa7 Rg6 40. Rxg6 Kxg6 41. Qb8 Kh7 42. Qd6 Qf7 43. Rg1 Rf6 44. Qxe5 Rg6+ 0-1

[Event "Salon de Provence op 7th"]
[Site "Salon de Provence"]
[Date "2016.07.12"]
[Round "6"]
[White "Vedmediuc, Serghei"]
[Black "Petrossian, Armen"]
[Result "1/2-1/2"]
[WhiteElo "2442"]
[BlackElo "2407"]
[PlyCount "59"]
[EventDate "2016.07.09"]
[EventType "swiss"]
[EventRounds "9"]
[EventCountry "FRA"]
[SourceTitle "EXT 2019"]
[Source "ChessBase"]
[SourceDate "2018.10.10"]
[SourceVersion "1"]
[SourceVersionDate "2018.10.10"]
[SourceQuality "1"]

1. d4 d5 2. c4 dxc4 3. e3 e5 4. Bxc4 exd4 5. exd4 Nf6 6. Nf3 Bd6 7. Qe2+ Qe7 8. Qxe7+ Bxe7 9. 0-0 0-0 10. Re1 Bb4 11. Nc3 Nbd7 12. Bg5 h6 13. Bh4 c6 14. Bb3 Nd5 15. Bxd5 cxd5 16. Re3 Bxc3 17. Rxc3 Re8 18. Bg3 f6 19. Rac1 Nf8 20. Rc5 Be6 21. h3 Rac8 22. Bd6 Ng6 23. Rc7 Red8 24. Bg3 Rxc7 25. Rxc7 Rd7 26. Rc8+ Kf7 27. Ra8 a6 28. a3 Ne7 29. Kf1 Nc6 30. Bf4 1/2-1/2

[Event "Salon de Provence op 7th"]
[Site "Salon de Provence"]
[Date "2016.07.10"]
[Round "2"]
[White "Jackson, Thomas"]
[Black "Petrossian, Armen"]
[Result "1/2-1/2"]
[WhiteElo "2002"]
[BlackElo "2407"]
[PlyCount "55"]
[EventDate "2016.07.09"]
[EventType "swiss"]
[EventRounds "9"]
[EventCountry "FRA"]
[SourceTitle "EXT 2019"]
[Source "ChessBase"]
[SourceDate "2018.10.10"]
[SourceVersion "1"]
[SourceVersionDate "2018.10.10"]
[SourceQuality "1"]

1. d4 Nf6 2. c4 c5 3. d5 b5 4. cxb5 a6 5. bxa6 e6 6. dxe6 fxe6 7. g3 Bxa6 8. Bg2 d5 9. Nf3 Nc6 10. 0-0 Be7 11. Re1 0-0 12. Bf4 h6 13. Qc2 Nb4 14. Qg6 Qe8 15. Ne5 Qxg6 16. Nxg6 Nc2 17. Nxe7+ Kf7 18. Rc1 Nxa1 19. Nc6 g5 20. Bd2 Nd7 21. Na3 Bxe2 22. Rxa1 Ra6 23. Na5 Rfa8 24. Nb3 Bb5 25. Rc1 Ba4 26. Bf1 c4 27. Bc3 Bxb3 28. axb3 1/2-1/2

[Event "Salon de Provence op 6th"]
[Site "Salon de Provence"]
[Date "2015.07.04"]
[Round "7"]
[White "Petrossian, Armen"]
[Black "Dudognon, Thibault"]
[Result "1-0"]
[WhiteElo "2419"]
[BlackElo "2164"]
[PlyCount "81"]
[EventDate "2015.07.04"]
[EventType "swiss"]
[EventRounds "9"]
[EventCountry "FRA"]
[SourceTitle "EXT 2016"]
[Source "ChessBase"]
[SourceDate "2015.10.08"]
[SourceVersion "1"]
[SourceVersionDate "2015.10.08"]
[SourceQuality "1"]

1. e4 c6 2. d4 d5 3. Nd2 dxe4 4. Nxe4 Bf5 5. Ng3 Bg6 6. Nf3 Nd7 7. Bd3 e6 8. 0-0 Ngf6 9. Re1 Be7 10. Bxg6 hxg6 11. Bf4 Qb6 12. Re3 c5 13. c4 cxd4 14. Nxd4 0-0 15. Rb3 Qd8 16. Rxb7 Nc5 17. Rc7 Na6 18. Nc6 Qxd1+ 19. Rxd1 Bc5 20. Ne7+ Kh7 21. Rc6 Bb6 22. Bd6 Rad8 23. Rc1 Nb8 24. c5 Ba5 25. Rc4 Bd2 26. Ne4 Nxe4 27. Rxe4 Bg5 28. Rc7 Na6 29. h4 f5 30. Ra4 Nxc7 31. hxg5 f4 32. Bxc7 Rd1+ 33. Kh2 Rf7 34. Bd6 Rd2 35. Bxf4 Rxf2 36. Bd6 Rxe7 37. Bxe7 Rxb2 38. Rxa7 Kg8 39. c6 Rc2 40. c7 Kf7 41. Bc5 1-0

[Event "Marseilles op 7th"]
[Site "Marseille"]
[Date "2014.12.27"]
[Round "4"]
[White "Petrossian, Armen"]
[Black "Maze, Sebastien"]
[Result "0-1"]
[WhiteElo "2408"]
[BlackElo "2564"]
[PlyCount "104"]
[EventDate "2014.12.26"]
[EventType "swiss"]
[EventRounds "9"]
[EventCountry "FRA"]
[SourceTitle "EXT 2016"]
[Source "ChessBase"]
[SourceDate "2015.10.08"]
[SourceVersion "1"]
[SourceVersionDate "2015.10.08"]
[SourceQuality "1"]

1. e4 c5 2. Nf3 Nc6 3. Bb5 e6 4. 0-0 Nge7 5. Nc3 Nd4 6. Nxd4 cxd4 7. Ne2 a6 8. Bd3 d5 9. c3 dxe4 10. Bxe4 d3 11. Ng3 f5 12. Bf3 g6 13. Qb3 Qd7 14. Re1 Bg7 15. Nf1 0-0 16. Ne3 Rb8 17. Qb6 e5 18. Nc4 e4 19. Qd6 Qxd6 20. Nxd6 Be6 21. b3 Rfd8 22. Ba3 Nd5 23. Rab1 b5 24. Nxe4 fxe4 25. Bxe4 Bf7 26. g3 a5 27. Bc5 Rbc8 28. Be3 Nxe3 29. Rxe3 Bh6 30. f4 Bf8 31. Kf1 b4 32. c4 Bc5 33. Rxd3 Rxd3 34. Bxd3 Rd8 35. Ke2 g5 36. Be4 Bh5+ 37. Ke1 gxf4 38. gxf4 Re8 39. d3 Bf3 40. Kd2 Bxe4 41. dxe4 Rxe4 42. Rf1 h5 43. Rf3 h4 44. Kd3 Rd4+ 45. Ke2 Kf7 46. Re3 Bd6 47. Rh3 Rxf4 48. Rd3 Ke6 49. Rd5 Rf5 50. Rd4 Be7 51. Rg4 Rg5 52. Rxh4 Re5+ 0-1

[Event "Saint Affrique op 22nd"]
[Site "Saint Affrique"]
[Date "2014.07.22"]
[Round "5"]
[White "Petrossian, Armen"]
[Black "Libiszewski, Fabien"]
[Result "0-1"]
[WhiteElo "2380"]
[BlackElo "2523"]
[PlyCount "84"]
[EventDate "2014.07.19"]
[EventType "swiss"]
[EventRounds "9"]
[EventCountry "FRA"]
[SourceTitle "CBM 161 Extra"]
[Source "ChessBase"]
[SourceDate "2014.08.29"]
[SourceVersion "1"]
[SourceVersionDate "2014.08.29"]
[SourceQuality "1"]

1. e4 d6 2. d4 Nf6 3. Nc3 g6 4. Nf3 Bg7 5. Be2 0-0 6. 0-0 Bg4 7. h3 Bxf3 8. Bxf3 Nc6 9. Ne2 e5 10. d5 Ne7 11. g4 c6 12. c4 b5 13. g5 Ne8 14. dxc6 bxc4 15. Qa4 Rc8 16. Qxc4 Nxc6 17. Qa4 f6 18. Bd2 Qd7 19. gxf6 Nxf6 20. Qb3+ Kh8 21. Kh2 Rb8 22. Qa3 d5 23. exd5 e4 24. dxc6 Qxd2 25. c7 Rbc8 26. Rad1 Qg5 27. Bg2 Rxc7 28. Qe3 Qa5 29. b4 Qxb4 30. Ng3 Re7 31. Kg1 Qa5 32. Rfe1 Qxa2 33. Nxe4 Nd5 34. Qc5 Re5 35. Rd2 Qxd2 36. Nxd2 Rxe1+ 37. Bf1 Nf4 38. Kh2 Ne6 39. Qe7 Rxf2+ 40. Kg3 Rxd2 41. Qe8+ Bf8 42. Bc4 Re3+ 0-1

[Event "Saint Affrique op 22nd"]
[Site "Saint Affrique"]
[Date "2014.07.20"]
[Round "2"]
[White "Clair, Michael"]
[Black "Petrossian, Armen"]
[Result "0-1"]
[WhiteElo "1806"]
[BlackElo "2380"]
[PlyCount "34"]
[EventDate "2014.07.19"]
[EventType "swiss"]
[EventRounds "9"]
[EventCountry "FRA"]
[SourceTitle "CBM 161 Extra"]
[Source "ChessBase"]
[SourceDate "2014.08.29"]
[SourceVersion "1"]
[SourceVersionDate "2014.08.29"]
[SourceQuality "1"]

1. d4 Nf6 2. c4 c5 3. Nf3 e6 4. Nc3 cxd4 5. Nxd4 Nc6 6. Nc2 d5 7. e3 Be7 8. b3 0-0 9. Bb2 Qa5 10. f3 Rd8 11. Qe2 Bd7 12. cxd5 Nxd5 13. Qb5 Qxb5 14. Bxb5 Ncb4 15. Nxd5 Nxc2+ 16. Kf2 Bh4+ 17. g3 Bxb5 0-1

[Event "Saint Affrique op 22nd"]
[Site "Saint Affrique"]
[Date "2014.07.19"]
[Round "1"]
[White "Petrossian, Armen"]
[Black "Bernard, Anthony"]
[Result "1-0"]
[WhiteElo "2380"]
[BlackElo "1636"]
[PlyCount "55"]
[EventDate "2014.07.19"]
[EventType "swiss"]
[EventRounds "9"]
[EventCountry "FRA"]
[SourceTitle "CBM 161 Extra"]
[Source "ChessBase"]
[SourceDate "2014.08.29"]
[SourceVersion "1"]
[SourceVersionDate "2014.08.29"]
[SourceQuality "1"]

1. e4 e5 2. Nf3 Nc6 3. Bb5 a6 4. Ba4 Nf6 5. 0-0 Nxe4 6. d4 exd4 7. Re1 d5 8. Nxd4 Bd6 9. g3 Qf6 10. f3 Bc5 11. Bxc6+ bxc6 12. Be3 0-0 13. fxe4 Re8 14. Nc3 dxe4 15. Qd2 Bg4 16. Qf2 Qxf2+ 17. Bxf2 Bxd4 18. Bxd4 Bf3 19. Na4 f5 20. Nc5 Re7 21. a4 Rd8 22. c3 a5 23. Rab1 Rb8 24. b4 Ra8 25. bxa5 Rxa5 26. Rb8+ Kf7 27. Rh8 h6 28. Rb1 1-0

[Event "Sanary sur Mer op 5th"]
[Site "Sanary sur Mer"]
[Date "2013.08.30"]
[Round "6"]
[White "Petrossian, Armen"]
[Black "Fayette, Sylvain"]
[Result "1/2-1/2"]
[WhiteElo "2393"]
[BlackElo "1976"]
[PlyCount "44"]
[EventDate "2013.08.27"]
[EventType "swiss"]
[EventRounds "7"]
[EventCountry "FRA"]
[SourceTitle "EXT 2014"]
[Source "ChessBase"]
[SourceDate "2013.11.20"]
[SourceVersion "1"]
[SourceVersionDate "2013.11.20"]
[SourceQuality "1"]

1. e4 e6 2. d4 d5 3. Nc3 Nf6 4. Bg5 dxe4 5. Nxe4 Nbd7 6. Nf3 Be7 7. Nxf6+ Nxf6 8. Bd3 b6 9. Ne5 Bb7 10. Bb5+ c6 11. Qf3 Qd5 12. Bxf6 Qxf3 13. gxf3 Bxf6 14. Bxc6+ Bxc6 15. Nxc6 Rc8 16. Nxa7 Rxc2 17. 0-0 Rxb2 18. Nc6 Kd7 19. Ne5+ Bxe5 20. dxe5 Ra8 21. Rfd1+ Ke7 22. Rac1 Ra7 1/2-1/2